Statistics for Russian language in Europe

Click here to take the quiz!

General Stats

  • This quiz has been taken 1,995 times
    (1,741 since last reset)
  • The average score is 8 of 9

Answer Stats

Native Speaker Country % Correct
14,270,000Ukraine
99%
143,800,000Russia
98%
7,850,000Belarus
97%
520,100Latvia
95%
325,760Estonia
94%
176,500Lithuania
94%
380,700Moldova
86%
3,000,000Germany
71%
10,500Bulgaria
66%

Score Distribution

Percentile by Number Answered

Percent of People with Each Score

Your Score History

You have not taken this quiz since the last reset